| 000 | 00575nam a22001817a 4500 | ||
|---|---|---|---|
| 999 |
_c173381 _d173381 |
||
| 003 | Nust | ||
| 005 | 20180117090021.0 | ||
| 008 | 170123b xxu||||| |||| 00| 0 eng d | ||
| 020 | _a9780335246625 | ||
| 040 | _c0 | ||
| 082 | _a361.610941 | ||
| 100 | _4Ken Blakemore | ||
| 245 |
_aSocial policy _ban introduction _cKen Blakemore |
||
| 260 |
_aEngland _bOpen university press _c2013 |
||
| 300 | _a353p | ||
| 942 |
_2ddc _cBK |
||